BIBLIOTHÈQUE DE LA MAISON DU MEXIQUE

Logo 1 Logo 2

Tengo miedo de sacudirle la raíz al sueño (notice nᵒ 1519)

détails MARC
000 -Sello discográfico
campo de control de longitud fija 00847nam a2200289 4500
005 - Identificación de versión
campo de control 20251017062705.0
010 ## - Número Estándar Internacional de Libros (ISBN)
Número (ISBN) 968-840-519-1
035 ## - Otros números de control del sistema
Número de control del sistema 19487
099 ## - fechas locales
Tipo de ítem Koha LIBRO
100 ## - Datos de procesamiento general
Datos de procesamiento general 19970414d1989 m y1spay5003 ba
105 ## - Campo de datos codificados: Material textual, monográfico
Datos codificados de monografía y 001gy
200 1# - Título y mención de responsabilidad
Título propio Tengo miedo de sacudirle la raíz al sueño
Designación general del material texto impreso
Otra información del título 1960-1967
Primer mención de responsabilidad Norma Bazúa
210 ## - Publicación, distribución, etc.
Lugar de publicación, distribución, etc. México
Nombre del editor, distribuidor, etc. Universidad Autónoma Metropolitana, Unidad Xochimilco
Fecha de publicación, distribución, etc. 1989
215 ## - Descripción física
Designación de material específico y extensión del ítem 90 p
Otras características físicas il.
Dimensiones 24 cm
345 ## - Nota de información de adquisición
Fuente de adquisición/dirección de la suscripción [OBSOLETO] Donación
410 #1 - Series
Título Colección Modular
606 ## - Término temático usado como materia
Elemento de entrada Poesía mexicana
Subdivisión cronológica Siglo XX
Número Koha 10
660 ## - Código de área geográfica
Código MX
700 ## - Nombre personal - Responsabilidad primaria
Elemento de entrada Bazúa
Parte del nombre distinta del elemento de entrada Norma
Fechas 1928-2011
Número Koha 3876
801 #0 - Fuente de origen
Agencia cm
900 ## -
-- 1/13693
900 ## -
-- 710973169\\140497
942 ## - ELEMENTOS DE ENTRADA SECUNDARIOS (KOHA)
Tipo de ítem Koha Livre
996 ## -
-- MEX
-- 751145101
-- MMAG
-- 007299
-- 861.44 B364
-- 20230201LIV
Exemplaires
Estatus retirado Estado de daño Estado de pérdida Fecha de adquisición Biblioteca de origen Biblioteca actual Ubicación en estantería Código de barras Precio de reemplazo Signatura topográfica completa No para préstamo Tipo de ítem Koha Nota pública Nota no pública
      05/08/2025 Casa México Paris Casa México Paris   007299 05/08/2025 861.44 B364   Livre 20230201LIV 751145101